00385 a2200145 4500003000400000005001700004008004100021020001800062040000900080082001500089100002600104245006800130260003300198300000800231OSt20240111110540.0240111b |||||||| |||| 00| 0 eng d a9789382581000 coclc a297bABD/S aAbdulla, Abdul Jabbar aShirk :Vivaranam, Vibhajanam, Vidhikal /cAbdul Jabbar Abdullah aKerala:bDa'wa books,c2012. a63p